Pays avec les aéroports les plus hauts du monde - Statistiques

Statistiques générales
  • Ce quiz a été pris 41 fois
  • Le résultat moyen est 8 sur 10
Statistiques - réponses
Classement Réponse Altitude Aéroport le plus haut % Correct
1 Chine 4 411 m Aéroport Daocheng Yading
97%
4 Népal 3 780 m Aéroport Syangboche
94%
5 Inde 3 256 m Aéroport Kushok-Bakula-Rimpoché
88%
2 Pérou 4 103 m Aéroport Vicco
88%
3 Bolivie 4 061 m Aéroport International El Alto
82%
6 Etats-Unis 3 026 m Lake County Airport
82%
10 Bhoutan 2 562 m Aéroport Yongphulla
79%
7 Colombie 2 976 m Aéroport San Luis
76%
8 Equateur 2 806 m Aéroport International de Cotopaxi
74%
9 Mexique 2 580 m Aéroport International de Toluca
71%
Aucun quiz correspondant
Distribution des résultats
% des personnes avec chaque résultat
Percentile par nombre de réponses
Votre historique - résultats
Vous n’avez pas pris ce quiz